000 00443nam a2200145Ia 4500
008 090124s9999 xx 000 0 und d
082 _b205495
245 _aJUST FOR STARTES: HOW TO BECOME A SUCCESSFUL BUSINESSMAN?
250 _a1
260 _bBOARD MIR
300 _a233
630 _aJUST FOR STARTES: HOW TO BECOME A SUCCESSFUL BUSINESSMAN?
730 _aJUST FOR STARTES: HOW TO BECOME A SUCCESSFUL BUSINESSMAN?
942 _cBOOK
999 _c187076
_d187076